"Shall the sword devour forever?" : a discourse suggested by the death of Lieut. Edward Eastman, of the U.S. Army, who died at Camargo, October 26, 1846, aged 28 /

Bibliographic Details
Main Author: Tilden, William Phillips, 1811-1890
Format: Microform Book
Language:English
Published: Concord, [N.H.] : Granite Freeman Press, 1847.
Series:Pamphlets in American history. Mexican War, 1846-1848 ; MW 2.
Subjects:

MARC

Tag First Indicator Second Indicator Subfields
LEADER 00000cam a2200000ui 4500
001 in00001028516
005 20150928120546.0
007 he am||||b|||
008 800724r19801847ncu b 0000 eng d
035 |a (OCoLC)16096443 
035 |9 AFF6586AM 
037 |a CL0104500003  |b University Microfilms International 
037 |b University Microfilms International, 300 N. Zeeb Rd., Ann Arbor, MI 48106 
040 |a UMI  |c UMI  |d TXA  |d UtOrBLW 
043 |a n-us--- 
049 |a TXAI 
099 |a fiche  |a C  |a 13760 
100 1 |a Tilden, William Phillips,  |d 1811-1890. 
245 1 1 |a "Shall the sword devour forever?" :  |b a discourse suggested by the death of Lieut. Edward Eastman, of the U.S. Army, who died at Camargo, October 26, 1846, aged 28 /  |c by William P. Tilden. 
264 1 |a Concord, [N.H.] :  |b Granite Freeman Press,  |c 1847. 
300 |a 15 pages ;  |c 22 cm. 
336 |a text  |b txt  |2 rdacontent 
337 |a microform  |b h  |2 rdamedia 
338 |a microfiche  |b he  |2 rdacarrier 
500 |a "Published by the bereaved friends." 
533 |a Microfiche.  |b Sanford, N.C. :  |c Microfilming Corp. of America,  |d 1980.  |e 1 microfiche ; 11 x 15 cm.  |f (Pamphlets in American history : Mexican War, 1846-1848 ; MW 2) 
500 |a Microform. 
600 1 0 |a Eastman, Edward,  |d 1818?-1846. 
650 0 |a Mexican War, 1846-1848. 
830 0 |a Pamphlets in American history.  |p Mexican War, 1846-1848 ;  |v MW 2. 
999 |a MARS 
999 f f |s b92cab08-57d3-362d-87ea-0ce8f02de171  |i 6f643770-8da8-3e10-91cb-0cf2f30e079e  |t 0 
952 f f |p default  |a Texas A&M University  |b College Station  |c Sterling C. Evans Library  |d Evans: Microforms (3rd floor)  |t 0  |e fiche C 13760  |h Other scheme  |i microform -- microfiche 
998 f f |a fiche C 13760  |t 0  |l Evans: Microforms (3rd floor)